000 00550 a2200229 4500
260 _aParis
630 _a34 - Droit. Jurisprudence. Legislation
037 _b1, Achat
650 _a3 - SCIENCES SOCIALES
100 _aMosès, Carole
260 _bLa Documentation Française
245 _aAlcoolisme et infractions contre les personnes
300 _a465 p.
650 _aAlcoolisme : législation
260 _c1986
300 _b24cm
100 _lFr
037 _aL 12983
020 _a2-11-001709-0
999 _c42285
_d42285